000 00250nam a22001097a 4500
008 230608b xxu||||| |||| 00| 0 eng d
082 _a528.16
_bDAL
100 _cDale and Greenway
245 _aKenya Trees and Shrubs
300 _a654p
942 _2ddc
_cBK
999 _c825
_d825